[Event "GCT Paris Blitz 2021"]
[Site "Paris"]
[Date "2021.06.22"]
[Round "11"]
[White "Svidler, Peter"]
[Black "Kramnik, Vladimir"]
[Result "1-0"]
[WhiteElo "2714"]
[BlackElo "2753"]
[Annotator "TA"]
[PlyCount "100"]
[EventDate "2021.06.21"]
[EventType "tourn"]
[EventCountry "FRA"]
[SourceTitle "playchess.com"]
[Source "ChessBase"]
[SourceQuality "1"]

{[%evp 11,100,-1,12,8,8,8,11,0,0,-4,0,-8,0,-3,8,-4,8,-8,8,10,36,36,22,18,20,20,
55,54,58,4,27,0,0,0,2,0,0,0,0,0,14,4,4,8,10,9,4,0,28,4,21,0,0,0,0,0,152,0,10,6,
2,0,0,0,0,-11,0,0,0,0,0,0,206,212,211,100,1397,1008,6821,5089,29975,29974,
29976,29976,29976,29978,29978,29974,29984,29984,29986]} 1. c4 c5 2. g3 g6 3.
Bg2 Bg7 4. Nc3 Nc6 5. Nf3 d6 6. O-O Bf5 {6...Bf5 is the recent fashion.} 7. d3
{A37: Symmetrical English vs ...g6: 4 Bg2 Bg7 5 Nf3.} Qd7 8. Bd2 Nf6 9. Rb1 {
The position is equal.} Bh3 10. a3 Bxg2 11. Kxg2 O-O 12. b4 b6 13. h3 Rac8 {[#]
} 14. e4 $146 ({Predecessor:} 14. Qb3 e6 15. Rfc1 h6 16. Nb5 Ne8 17. Bc3 e5 18.
Ba1 f5 19. e3 Qf7 20. Rc2 {0-1 (39) Loew,G (2206)-Brueggemann,J (2304) Germany
2015}) 14... Ne8 15. b5 Nd8 16. a4 f5 17. Qe2 Bxc3 18. Bxc3 e5 19. exf5 $1 gxf5
20. Nd2 (20. a5 $14) 20... f4 21. Qg4+ Qxg4 22. hxg4 Ne6 23. f3 fxg3 24. Kxg3
Nf4 25. Ne4 Nf6 (25... Nxd3 $6 26. Rbd1 $16) 26. Bd2 d5 27. Nxf6+ Rxf6 28. Bxf4
exf4+ $11 {[%mdl 4096] Endgame KRR-KRR} 29. Kh4 Rd8 30. Rbe1 Kf7 31. Re5 dxc4
32. dxc4 Rd2 {( -> ...Rh2+)} 33. g5 Re6 {[#]} ({Black should play} 33... Rh2+
$11 34. Kg4 h5+ 35. gxh6 Rg2+ 36. Kh5 Rh2+ 37. Kg5 Rg2+ 38. Kh5 Rh2+ 39. Kg5
Rg2+ 40. Kh5) 34. Rfe1 ({White has to play} 34. Rxe6 $1 $16 Kxe6 35. Kg4) 34...
Rxe5 35. Rxe5 {KR-KR} Rd4 $1 36. Kh5 Rxc4 37. Kh6 Rc1 {[%cal Rc1h1]} (37...
Rxa4 38. Kxh7 Ra2 39. Rf5+ Ke6 40. Rxf4 $18) 38. Rf5+ $1 Ke6 39. Rxf4 c4 {
...c3 is the strong threat.} 40. Kxh7 c3 41. Rc4 {Threatens to win with g6.} c2
$2 (41... Kd5 $1 $11 42. Rc8 Kd4) 42. Kg6 $18 Kd5 43. Rc8 {aiming for Kf5.} Kd4
$2 {[%mdl 8192] [#] A mistake that costs the game.} (43... Ke5 $16 44. Rc6 Kf4)
44. f4 $1 Kd3 45. f5 Rf1 46. f6 {White mates.} c1=Q 47. Rxc1 Rxc1 48. f7 Rc8
49. Kf6 Ke4 50. g6 Kd5 {Weighted Error Value: White=0.12/Black=0.30} 1-0

[Event "GCT Paris Blitz 2021"]
[Site "Paris"]
[Date "2021.06.22"]
[Round "12"]
[White "Nepomniachtchi, Ian"]
[Black "Radjabov, Teimour"]
[Result "1/2-1/2"]
[WhiteElo "2792"]
[BlackElo "2765"]
[Annotator "TA"]
[PlyCount "132"]
[EventDate "2021.06.21"]
[EventType "tourn"]
[EventCountry "FRA"]
[SourceTitle "playchess.com"]
[Source "ChessBase"]
[SourceQuality "1"]

{[%evp 15,132,-7,-19,-22,-26,-20,0,-9,-27,-21,0,-3,0,0,63,-2,28,18,22,29,33,30,
33,10,0,0,42,42,41,42,42,42,42,42,42,0,42,42,42,42,42,42,42,42,42,42,73,57,57,
60,65,64,65,63,64,55,60,0,64,64,65,42,52,43,57,40,56,21,57,20,20,20,20,20,20,
20,22,8,8,8,8,8,8,8,8,-7,0,0,0,0,0,0,0,0,0,0,0,0,0,0,0,0,8,8,8,8,8,-8,-8,-8,-8,
-8,-8,-8,-8,-8,0,0,0]} 1. b3 d5 2. Bb2 c5 3. d3 Nc6 4. Nf3 Nf6 5. Nbd2 d4 6. g3
e5 7. Bg2 Bd6 8. O-O O-O 9. c3 {A08: King's Indian Attack.} Re8 10. Rc1 h6 {[#]
} 11. a3 $146 ({Predecessor:} 11. Nc4 Bc7 12. Nfd2 Bg4 13. Bxc6 bxc6 14. f3 Bh3
15. Rf2 Nd5 16. Ne4 Bb6 17. g4 {1/2-1/2 (65) Ipatov,A (2613)-Najer,E (2653)
Dubai 2014}) 11... Bg4 12. Re1 Qd7 13. Nc4 Bf8 14. b4 $1 cxb4 (14... Bxf3 $11
15. Bxf3 dxc3 16. Bxc3 cxb4 17. axb4 Nd5 18. Bxd5 Qxd5) 15. axb4 (15. cxb4 $14
Bxf3 16. Bxf3) 15... dxc3 (15... Bxf3 $5 16. Bxf3 dxc3 17. Bxc3 Nd5 $11) 16.
Bxc3 {[%cal Rf3e5]} e4 17. Nfe5 Nxe5 18. Nxe5 Qf5 19. f3 (19. Nxg4 {keeps more
tension.} Nxg4 20. Bd4 e3 21. f3 Nf2 22. Qa4) 19... Rxe5 20. dxe4 Qe6 (20...
Nxe4 {is interesting.} 21. fxe4 Rxe4 22. Rf1 Qg5 23. Bd2 Qd5) 21. Bxe5 Qxe5 22.
fxg4 Bxb4 23. Rf1 Bc5+ 24. Kh1 {And now Rf5 would win.} Nxg4 25. Qb3 ({Much
weaker is} 25. Qd5 Qxd5 26. exd5 Nf2+ 27. Rxf2 Bxf2 $15) (25. Qd7 $5 {[%cal
Rd7g4]} Nf2+ {[#]} 26. Rxf2 $1 Bxf2 27. Rf1 $14) 25... Nf2+ {[#]} (25... Qh5 {
with more complications.} 26. h3 Nf2+ 27. Kh2 Ng4+ 28. Kh1) 26. Rxf2 $1 Bxf2
27. Rf1 Bc5 28. Qxf7+ Kh8 29. Qxb7 Re8 30. Bf3 a5 31. Qc6 Bb4 32. Rd1 Qe6 33.
Qb5 Qe5 34. Rd5 Qb8 35. Qd7 Qc8 36. Qb5 Qb8 $1 37. Qa4 Re5 38. Rd3 Kh7 39. Kg2
Qe8 40. Qb3 (40. Qd1 {seems wilder.} Qe6 41. Rd8 h5 42. Qa1 Qe7 43. Ra8) 40...
h5 41. Rd5 g6 42. Qd3 Rxd5 {The position is equal.} 43. exd5 Qe5 44. Be4 Qf6
45. Qb5 Kg7 46. Qd7+ (46. Bc2 {looks sharper.} h4 47. Qd7+ Be7 48. gxh4 Qxh4
49. Kf3) 46... Qe7 47. Qxe7+ Bxe7 $11 {[%mdl 4096] Endgame KB-KB} 48. Bc2 Kf6
49. Kf3 g5 50. h4 gxh4 51. gxh4 Ke5 52. Kg3 Kxd5 53. Bg6 a4 {[%cal Ba5a4,Ba4a3]
[%mdl 32]} 54. Bxh5 a3 55. Bf7+ Ke4 56. h5 Ke3 57. h6 Bf6 58. Bc4 a2 59. Bxa2
Kxe2 60. h7 (60. Kg4 {is more complex.} Bb2 61. h7 Ke3 62. Kf5 Bc3 63. Ke6)
60... Ba1 61. h8=N (61. Bc4+ {feels hotter.} Ke3 62. Be6 Bb2 63. Kg2 Be5 64.
Kf1) 61... Be5+ 62. Kg4 Bxh8 63. Bc4+ Ke3 64. Bd3 Be5 65. Kf5 Kd2 66. Kxe5 Kxd3
{Weighted Error Value: White=0.09/Black=0.08} 1/2-1/2

[Event "GCT Paris Blitz 2021"]
[Site "Paris"]
[Date "2021.06.22"]
[Round "12"]
[White "So, Wesley"]
[Black "Vachier-Lagrave, Maxime"]
[Result "1-0"]
[WhiteElo "2770"]
[BlackElo "2760"]
[Annotator "TA"]
[PlyCount "121"]
[EventDate "2021.06.21"]
[EventType "tourn"]
[EventCountry "FRA"]
[SourceTitle "playchess.com"]
[Source "ChessBase"]
[SourceQuality "1"]

{[%evp 20,121,34,33,26,37,41,28,42,48,64,0,0,0,0,0,0,-80,2,0,0,0,88,89,107,107,
133,134,145,147,137,133,221,212,204,188,290,292,275,295,273,266,286,15,18,17,
52,8,8,13,13,7,25,4,65,78,83,85,77,50,62,58,69,29,30,29,33,39,347,365,380,371,
365,333,445,423,522,468,455,451,552,529,1686,704,1677,1326,1063,868,879,859,
775,673,1241,1438,12833,2184,12842,12843,12843,12843,12844,12843,12842,12843]} 
1. Nf3 c5 2. c4 Nf6 3. Nc3 Nc6 4. d4 cxd4 5. Nxd4 e6 6. a3 Bc5 7. Nb3 Be7 8. e4
O-O 9. Be2 b6 10. O-O Bb7 11. Be3 Rc8 {A33: Symmetrical English: 2 Nf3 Nf6 3
d4 cxd4 4 Nxd4 e6 5 Nc3 Nc6.} 12. f4 d6 13. Rc1 {was the old line (13.Bf3).}
Qc7 {White has an edge.} 14. Bf3 Rfd8 {[#]} 15. Nd5 $146 ({Predecessor:} 15.
Qe2 Qb8 16. Rfd1 Bf8 17. Bf2 Ne7 18. Nd2 Ng6 19. g3 Qa8 20. Re1 d5 21. cxd5
exd5 {1-0 (44) Andersson,U (2541)-Steel,H (2175) Gibraltar 2007}) 15... exd5
$11 16. cxd5 Qd7 {Hoping for ...Na5.} 17. dxc6 Bxc6 18. Qd4 (18. Nd2 $11 {
keeps the balance.}) 18... d5 (18... Qb7 $1 $17) 19. e5 Ne4 20. Rfd1 Qe6 (20...
Nc5 $11 21. Nxc5 Bxc5 22. Rxc5 bxc5 23. Qxc5 a6) 21. h3 f5 22. Qd3 $1 Bb7 23.
Nd4 Qf7 24. Rxc8 $1 Rxc8 25. g4 g6 (25... fxg4 $16 26. Bxg4 (26. hxg4 Nc5 $16)
26... Qg6) 26. gxf5 $1 $18 gxf5 27. Kh2 $1 Kh8 (27... Kf8 {was necessary.} 28.
Rg1 Bc5) 28. Rg1 Rg8 {[#]} 29. Rxg8+ Kxg8 30. Qb5 Bc5 {[#]} 31. b4 $2 (31. e6
$1 $18 {[%cal Re6f7]} Qe7 32. Qd7) 31... Bxd4 $11 32. Bxd4 Kf8 33. Qe2 Qg6 {
next ...Qg3+ is good for Black.} 34. Qe1 Qh6 35. Qc1 Qg7 {( -> ...Qg3+)} 36.
Qg1 (36. Bxe4 {looks sharper.} dxe4 37. Be3 Qd7 38. a4 Qc6 39. Qa3) 36... Qxg1+
(36... Qh6 $11 37. Qe3 Ba6) 37. Kxg1 {[%mdl 4096] Endgame KBB-KBN} Bc6 38. Be2
Ba4 39. Kg2 Ke7 40. Bd3 Ke6 41. Kf3 Nd2+ $1 42. Kg3 Nc4 43. Kh4 {And now Kg5
would win.} Be8 $2 {[%mdl 8192] Black cannot hold the game after this.} ({
Black should try} 43... Nxa3 $14 44. Kg5 Bc2) 44. Kg5 $18 Bg6 45. a4 {[%cal
Ba3a4,Ba4a5][%mdl 32]} Nd2 {Strongly threatening ...Nf3+.} 46. Kh6 Nf3 47. Bf2
{White is clearly winning.} Nd2 48. h4 Ne4 49. Be3 Nc3 50. a5 Na2 51. h5 (51.
axb6 $142 axb6 52. Bd2) 51... Be8 52. axb6 axb6 53. Kg5 h6+ 54. Kxh6 Nxb4 55.
Be2 b5 56. Kg7 Bxh5 57. Bxh5 Nc2 58. Bf7+ Kd7 59. e6+ Kd6 {[#]} 60. Bc5+ $1 {
[%mdl 576] Deflection, Promotion} Kxc5 61. e7 {Weighted Error Value: White=0.
21/Black=0.44} 1-0

[Event "GCT Paris Blitz 2021"]
[Site "Paris"]
[Date "2021.06.22"]
[Round "12"]
[White "Rapport, Richard"]
[Black "Caruana, Fabiano"]
[Result "1-0"]
[WhiteElo "2763"]
[BlackElo "2820"]
[Annotator "TA"]
[PlyCount "123"]
[EventDate "2021.06.21"]
[EventType "tourn"]
[EventCountry "FRA"]
[SourceTitle "playchess.com"]
[Source "ChessBase"]
[SourceQuality "1"]

{[%evp 17,123,-12,38,16,22,21,51,32,48,59,53,53,46,46,46,46,52,47,44,45,100,
108,106,95,77,84,89,22,81,42,104,87,106,55,83,23,121,113,202,125,192,188,969,
912,698,0,0,-58,0,0,0,0,0,-64,-52,-58,0,-59,-21,-21,-21,-21,-21,-21,-21,-16,8,
-34,0,-25,0,0,0,0,0,0,0,0,0,0,0,0,0,0,54,54,58,0,0,0,0,-182,-175,-170,-136,-68,
-64,-125,-123,-119,-122,-125,-40,-76,29976,29977,29974,11364]} 1. Nf3 d5 2. g3
c5 3. Bg2 Nf6 4. O-O e6 5. d3 Nc6 6. Nbd2 Be7 7. e4 O-O 8. Re1 Qc7 9. c3 b5 10.
exd5 {C00: French: Unusual White 2nd moves.} exd5 11. Nb3 {[#]} Be6 $146 ({
Predecessor:} 11... h6 12. Bf4 Qb6 13. Ne5 Nxe5 14. Bxe5 Be6 15. d4 c4 16. Nc5
Rfe8 17. Bxf6 Bxf6 {1-0 (47) Nakamura,H (3135)-Roberson,P (2640) Chess.com INT
2020}) 12. Be3 {White is slightly better.} Nd7 13. Ng5 Bxg5 14. Bxg5 Rfe8 15.
d4 c4 16. Nc5 Nxc5 17. dxc5 Qd7 18. b4 d4 (18... a5 $14) 19. a4 $16 a6 {[#]}
20. Qf3 {[%cal Rf3c6]} Rac8 21. axb5 axb5 22. h4 (22. Bd2 $16) 22... d3 (22...
dxc3 $1 $11 23. Qxc3 Bg4) 23. Ra6 {[%cal Ra6c6]} h6 24. Bd2 $36 {[%cal Ra6c6]
[%mdl 2048] White is in control.} ({Don't play} 24. Rxc6 $6 hxg5 25. Rd6 Qe7
$11) 24... Ne7 25. Rd6 ({White should play} 25. Qb7 $16) 25... Qa7 $1 $14 26.
h5 (26. Qh5 $16) 26... Qa2 (26... Rcd8 $1 $11 {keeps the balance.}) 27. Qf4 $16
Rcd8 (27... Nf5 $16 {is a better defense.}) 28. Bf3 Rf8 (28... Rxd6 $16 {
keeps fighting.} 29. cxd6 Nf5) 29. g4 $18 Nd5 $2 (29... Qa7 30. Rxd8 Rxd8) 30.
Bxd5 Bxd5 31. Kh2 $2 ({Only move:} 31. g5 $18 Qa7 32. gxh6) 31... Qa8 32. Kg3 (
32. g5 $11 hxg5 33. Qxg5) 32... Be6 ({Black should try} 32... Rxd6 $15 33. cxd6
Qc6) 33. f3 Rxd6 34. cxd6 Rd8 35. Be3 (35. g5 $11 Qa6 36. gxh6 Qxd6 37. hxg7
Qxf4+ 38. Kxf4) 35... Qc6 36. Bc5 Ra8 (36... Re8 $1 $15) 37. Qe5 (37. Re5 $11)
37... Qd5 (37... Bd7 {keeps more tension.} 38. Bd4 f6 39. Qc5 Re8 40. Qxc6 Bxc6
41. Rxe8+ Bxe8 42. Be3 Kf7) 38. Qxd5 Bxd5 $11 {[%mdl 4096] Endgame KRB-KRB} 39.
f4 Bc6 40. f5 $1 f6 41. Kf4 Re8 42. Ra1 Rd8 43. Ra2 Kf7 44. Ra7+ Rd7 {Strongly
threatening ...Rxa7.} 45. Ra6 Bb7 46. Ra2 Rd8 47. Ra7 Rd7 48. Ra1 Rd8 (48...
Bc6 {is interesting.} 49. Ke3 Bd5 50. Ra6 Rb7 51. Ra1 Rd7) 49. Kg3 Bc6 50. Kf2
Rd7 (50... Ke8 $1 $11) 51. Ra6 $1 $14 {[%cal Ra6c6]} Be4 52. Ke3 (52. Rb6 $14)
52... Bg2 $1 $11 53. Ra2 Bd5 54. Kd2 $2 (54. Ra1 $11) 54... Bf3 $19 55. Ra5
Bxg4 56. Rxb5 Bxf5 57. Ra5 (57. Be3 $15 Ke6 58. Rc5) 57... Bg4 $17 58. b5 {
[%cal Bb4b5,Bb5b6][%mdl 32]} Bxh5 59. Ke3 Bg4 (59... Ke6 $17 {Threatens to win
with ...f5.} 60. b6 f5) 60. b6 $1 $15 {Hoping for Ra7.} Bh3 $2 {[%mdl 8192] [#]
} (60... Rd8 $17 61. Ra7+ Bd7) 61. Ra7 Ke6 62. Rxd7 {What a fight!  Weighted
Error Value: White=0.29/Black=0.36} 1-0

[Event "GCT Paris Blitz 2021"]
[Site "Paris"]
[Date "2021.06.22"]
[Round "12"]
[White "Firouzja, Alireza"]
[Black "Svidler, Peter"]
[Result "1-0"]
[WhiteElo "2759"]
[BlackElo "2714"]
[Annotator "TA"]
[PlyCount "69"]
[EventDate "2021.06.21"]
[EventType "tourn"]
[EventCountry "FRA"]
[SourceTitle "playchess.com"]
[Source "ChessBase"]
[SourceQuality "1"]

{[%evp 18,69,8,0,6,16,7,0,19,0,33,26,50,32,44,36,36,43,85,74,75,57,100,101,133,
135,139,133,133,133,136,145,150,139,174,181,210,210,260,255,257,268,405,400,
449,441,450,451,520,503,509,507,506,508]} 1. e4 e5 2. Nc3 Nf6 3. Bc4 Nc6 4. d3
Bb4 5. Nf3 d5 6. exd5 Nxd5 7. O-O Bxc3 8. bxc3 O-O 9. Re1 Bg4 10. Bd2 Re8 {
C28: Vienna Game: 2...Nf6 3 Bc4 Nc6.} 11. h3 Bh5 12. Qe2 $5 {[%mdl 4] Leaves
trodden paths.} Qd6 {The position is equal.} 13. Rab1 Nb6 14. Bb3 {[#]} Qf6
$146 ({Predecessor:} 14... h6 15. Qe4 Qf6 16. Nh2 Rad8 17. Ng4 Qg6 18. Qxg6
Bxg6 19. Be3 Nd5 20. Bd2 Nb6 {0-1 (56) Cook,N (1319)-Blom,L (1400) IECG email
2005}) 15. g4 Bg6 16. Ng5 h6 17. Ne4 $36 {[%mdl 2048] White is pushing.} Bxe4
18. Qxe4 Nd7 19. Bd5 Qd6 {Threatens to win with ...Nf6. Black is on the road
to losing.} 20. Qc4 ({Weaker is} 20. Rxb7 {[#]} Nf6 $1 $17) 20... Nd8 21. Bxb7
Nxb7 22. Rxb7 Rec8 23. Be3 Nb6 24. Qe4 Nd5 25. c4 Nc3 26. Qf3 e4 27. Qf5 ({
Don't do} 27. dxe4 $6 Qc6 $16) 27... exd3 28. cxd3 Re8 29. Rb3 Nxa2 (29... Na4
$142 30. d4 Qe6 31. Qxe6 fxe6) 30. Qa5 $18 {[%mdl 64] [#] Double Attack} f5 31.
Qxa2 {White is clearly winning.} fxg4 32. c5 Qd5 33. Rb2 Qxa2 34. Rxa2 gxh3 35.
Rea1 {Weighted Error Value: White=0.04/Black=0.25} 1-0

[Event "GCT Paris Blitz 2021"]
[Site "Paris"]
[Date "2021.06.22"]
[Round "12"]
[White "Kramnik, Vladimir"]
[Black "Aronian, Levon"]
[Result "0-1"]
[WhiteElo "2753"]
[BlackElo "2781"]
[Annotator "TA"]
[PlyCount "126"]
[EventDate "2021.06.21"]
[EventType "tourn"]
[EventCountry "FRA"]
[SourceTitle "playchess.com"]
[Source "ChessBase"]
[SourceQuality "1"]

{[%evp 12,126,29,18,23,9,18,17,9,10,20,13,20,0,8,0,6,0,36,0,21,19,43,45,60,15,
64,37,31,36,41,41,37,0,25,20,175,179,162,150,182,181,175,148,150,115,127,127,
166,0,9,0,0,0,0,0,566,0,0,-8,-7,-20,0,-6,-12,-20,0,-25,-25,-25,-26,-40,-50,
-181,-177,-151,-27,-27,-27,-28,-24,-231,-227,-277,-49,-432,-395,-348,-8,-46,0,
-8,-8,-174,-179,-29984,-29959,-29962,-29960,-29953,-1058,-894,-775,-29972,
-29972,-5110,-4718,-29984,-29985,-29985,-29986,-29987,-29988,-29989,-29990,
-29991,-29992]} 1. e4 e5 2. Nf3 Nc6 3. Bc4 Bc5 4. c3 Nf6 5. d3 d6 6. O-O O-O 7.
h3 {7.Re1 is becoming the main line.} a5 {C54: Giuoco Piano: 4 c3 Nf6, main
lines with 5 d4 and 5 d3.} 8. Re1 Be6 9. Bb5 Ne7 {The position is equal.} 10.
d4 Bb6 11. Nbd2 c6 {[#]} 12. Bd3 $146 ({Predecessor:} 12. Bf1 Ng6 13. b3 h6 14.
Ba3 Re8 15. dxe5 dxe5 16. Nc4 Bxc4 17. Bxc4 Ba7 18. Qxd8 Raxd8 {1-0 (58)
Fressinet,L (2655)-Mihajlov,S (2363) Chess.com INT 2019}) 12... Ng6 13. Nf1
exd4 14. Nxd4 Qc7 15. Be3 Rae8 16. f4 {And now f5 would win.} Bc8 17. Ng3 Nd7
18. Bc2 Nc5 19. Qh5 d5 {[%cal Rd5e4]} 20. e5 f6 $1 {[%cal Rf6e5]} 21. exf6 Rxf6
22. Kh1 Bd7 23. Bd2 Ref8 $2 (23... Ne6 $11) 24. Nf3 $1 $18 {[%cal Rf3g5]
Strongly threatening Ng5.} Qd6 25. Ne5 Be8 26. Ng4 $40 {[%mdl 128] White goes
for the king.} Re6 {intending ...Ne4.} 27. Nf5 Qd7 {Hoping for ...Ne4.} 28.
Rxe6 Nxe6 29. Re1 Bc7 ({But not} 29... Nexf4 $2 30. Bxf4 Bc5 31. Be5 $18) 30.
Nh4 $2 (30. g3 $18) 30... Bxf4 31. Nxg6 hxg6 32. Bxg6 Bxg6 33. Qxg6 Bg3 $2 {
[%mdl 8192]} 34. Rd1 $2 ({White has to play} 34. Nh6+ $1 $18 Kh8 35. Qxg3 gxh6
36. Bxh6) 34... Bf4 35. Bxf4 (35. Re1 {is more complex.}) 35... Nxf4 36. Qg5 (
36. Qc2 {seems wilder.} Qe7 37. Qd2 Nh5 38. Kg1 Ng3 39. Re1) 36... Qd8 37. Qxd8
Rxd8 $11 {[%mdl 4096] Endgame KRN-KRN} 38. Re1 Rd7 39. Re3 d4 40. cxd4 Rxd4 41.
Re7 b5 42. Kh2 {[#]} (42. b3 $15) 42... Rd2 $1 $19 {[%cal Rd2g2]} 43. Kg3 Nh5+
({Don't take} 43... Nxg2 44. Ne5 $17) (43... Ne2+ $17 44. Kf3 Nd4+ 45. Kf4 Rxb2
) 44. Kh4 $11 Nf6 45. Nxf6+ gxf6 {KR-KR} 46. g4 (46. Ra7 $1 $11 {and White is
okay.}) 46... Rxb2 $19 47. Kh5 Kf8 $2 ({Black should play} 47... Rxa2 $19 {
White must now prevent ...Kf8.} 48. Kg6 Kf8) 48. Ra7 $2 {[%mdl 8192]} (48. Re6
$15) 48... Rxa2 49. Kg6 Ke8 $2 (49... b4 $19 50. h4 b3) 50. h4 Rg2 (50... b4 $5
{[%cal Rb4b3]} 51. h5 Kd8 $17) 51. Kf5 b4 52. h5 $2 (52. Rxa5 $11 {and White
stays safe.} Ke7 53. Ra7+ Kd6 54. h5) 52... b3 53. Rxa5 $2 (53. h6 $19 Rh2 54.
h7) 53... b2 54. Ra8+ {[#]} Kd7 $1 55. Rb8 Kc7 56. Rb3 c5 {aiming for ...c4.}
57. h6 c4 58. Rb4 c3 59. Kxf6 {[#]} Rxg4 $1 {[%mdl 576] Promotion. Black mates.
} 60. Rxg4 b1=Q 61. Rc4+ Kd6 62. Rxc3 Qb2 63. h7 Qxc3+ {Black used his chance.
Weighted Error Value: White=0.68/Black=0.41} 0-1